000 00829nam a2200241 a 4500
001 000023163
005 20240516111443.0
008 101129s2001 ve a r 000 0 spa d
020 _a9803171739
040 _aDO-SdBNP
_bspa
_cBNPHU
082 _a336.3435
_bO88c
245 1 0 _aOtras caras de la deuda :
_bpropuestas para la acción /
_cedición de Chris Jochnick, Patricio Pazmiño Freire, Nora López.
260 _aQuito :
_bCDES ,
_c2001.
300 _a242 p. :
_bil. ; . ;
_c23 cm.
500 _aIncluye notas al pie de páginas
650 0 _aDeuda externa
_930422
650 4 _aDeuda externa
_zAmérica Latina
_99160
650 4 _aEmpréstitos internacionales
_947682
700 1 _aJochnick, Chris
_eed.
_947683
700 1 _aPazmiño Freire, Patricio
_eed.
_947684
700 1 _aLópez, Nora
_eed.
_932821
049 _aBNGR
999 _c22660
_d22660